000 01441nam0a22003131 4500
001 rc\2601279
005 20250623131228.0
035 _a(NLR Aleph) 006765350
090 _a5887763
_c5887763
100 _a20110914d1930 |||y0rusy50 ca
101 0 _arus
102 _aRU
105 _ay z |||a|
200 1 _aКомиссары
_e[Роман]...
_fЮ. Либединский
_gВступ. статья и прим. И. Машбиц-Верова
205 _a3-е изд.
210 _aМосква
_aЛенинград
_cЗемля и фабрика
_d1930
_eЛенинград
_gгос. тип. изд-ва "Ленингр. правда"
215 _a280 с.
_d16х11 см.
225 1 _aБиблиотека современных писателей. Школьная серия
300 _aВ картонном переплете с коленкоровым корешком
300 _aНа переплете серия: "Дешевая б-ка совр. писателей..."
320 _aБиблиография: "Отзывы критики" (5 названий)
700 1 _aЛибединский
_bЮ.Н.
_gЮрий Николаевич
702 1 _4080
_4212
_7ca
_8rus
_aМашбиц-Веров
_bИ. М.
_f1900-1989
_gИосиф Маркович
_9227597
_3RU\NLR\AUTH\770227653
801 0 _aRU
_bNLR
_gpsbo
801 1 _aRU
_bELAR
_2rusmarc
852 _aNLR
_j30.1/636
942 _cBOOK
980 _aNB